Mimésis : Phương thức biểu hiện thực tại trong văn học phương Tây

Tìm hiểu về phương thức thể hiện thực tại trong văn học phương Tây

Gespeichert in:
Bibliographische Detailangaben
1. Verfasser: Auerbach, Erich
Format: Buch
Sprache:Undetermined
Veröffentlicht: Hà Nội Tri thức 2015
Schlagworte:
Tags: Tag hinzufügen
Keine Tags, Fügen Sie den ersten Tag hinzu!
Thư viện lưu trữ: Trung tâm Học liệu Trường Đại học Cần Thơ
LEADER 00899nam a2200229Ia 4500
001 CTU_215214
008 210402s9999 xx 000 0 und d
020 |c 195000 
082 |a 809 
082 |b A917 
100 |a Auerbach, Erich 
245 0 |a Mimésis : 
245 0 |b Phương thức biểu hiện thực tại trong văn học phương Tây 
245 0 |c Erich Aurebach ; Phùng Ngọc Kiên (dịch và giới thiệu) 
260 |a Hà Nội 
260 |b Tri thức 
260 |c 2015 
520 |a Tìm hiểu về phương thức thể hiện thực tại trong văn học phương Tây 
650 |a Văn học,Literature,Thực tại trong văn chương,Reality in literature 
650 |x Lịch sử và phê bình,History and criticism 
904 |i Nguyên 
980 |a Trung tâm Học liệu Trường Đại học Cần Thơ